Hollywood's America : (Record no. 587292)

MARC details
000 -LEADER
fixed length control field 00467nam a2200193 a 4500
008 - FIXED-LENGTH DATA ELEMENTS--GENERAL INFORMATION
fixed length control field 250916s2010##################000#0#eng##
020 ## - INTERNATIONAL STANDARD BOOK NUMBER
ISBN 9781405190039
082 04 - DEWEY DECIMAL CLASSIFICATION NUMBER
Classification number 791.43658
Item number MIN
100 1# - MAIN ENTRY--AUTHOR NAME
Personal name Mintz, Steven,
245 10 - TITLE STATEMENT
Title Hollywood's America :
260 ## - PUBLICATION, DISTRIBUTION, ETC. (IMPRINT)
Name of publisher John Wiley & Sons,
Year of publication 2010.
300 ## - PHYSICAL DESCRIPTION
Number of Pages 417 pages
650 #0 - SUBJECT ADDED ENTRY--TOPICAL TERM
Topical Term History.
942 ## - ADDED ENTRY ELEMENTS (KOHA)
Koha item type English Books
Holdings
Withdrawn status Lost status Damaged status Not for loan Home library Current library Shelving location Date acquired Full call number Accession Number Price effective from Koha item type
        Anna Centenary Library Anna Centenary Library 6TH FLOOR, B WING 16.09.2025 791.43658 MIN 131255 16.09.2025 English Books

Find us on the map